| 000 | 00672nam a2200229 a 4500 | ||
|---|---|---|---|
| 001 | 1042 | ||
| 003 | BR-CuiBMT | ||
| 005 | 20231127203603.0 | ||
| 008 | 231127s2012 prba 000 0 por d | ||
| 020 | _a9788599369180 | ||
| 040 |
_aBR-CuiBMT _cBR-CuiBMT |
||
| 080 |
_22007 _a351.712 |
||
| 090 |
_a351.712 _bM538p |
||
| 100 | 1 | _aMendes, Renato Geraldo | |
| 245 | 1 | 2 |
_aO processo de contratação pública : _bfases, etapas e atos / _cRenato Geraldo Mendes. |
| 260 |
_aCuritiba : _bZenite, _c2012. |
||
| 300 |
_a471 p. : _bil. color.; _c25 cm |
||
| 504 | _aInclui bibliografia. | ||
| 650 | _aLicitação pública | ||
| 650 | _aAdministração pública | ||
| 942 |
_2udc _cLV |
||
| 999 |
_c1042 _d1042 |
||